[Event "11th Agzamov Mem 2017"]
[Site "Tashkent UZB"]
[Date "2017.05.09"]
[Round "8.4"]
[White "Gagunashvili,M"]
[Black "Sindarov,Javokhir"]
[Result "1-0"]
[WhiteElo "2573"]
[BlackElo "2373"]

1.Nf3 d5 2.g3 Bg4 3.Bg2 Nd7 4.c4 dxc4 5.Na3 e5 6.Nxc4 f6 7.d4 Nb6 8.Nxb6 axb6
9.O-O c6 10.dxe5 Qxd1 11.Rxd1 Bc5 12.Bf4 Ne7 13.exf6 gxf6 14.a3 b5 15.Rac1 Bb6
16.Bd2 O-O-O 17.Bc3 Rxd1+ 18.Rxd1 Nd5 19.Be1 Re8 20.Kf1 Rd8 21.Rc1 Kb8 22.e4
Nc7 23.Bc3 Ne8 24.e5 f5 25.h3 Bh5 26.Nh4 Ng7 27.Bf3 Bf7 28.Rd1 Bc4+ 29.Ke1 Rg8
30.Be2 Bb3 31.Rd2 f4 32.g4 Ne6 33.Nf3 Bd5 34.Kf1 Rg6 35.Ng1 Ng5 36.Bd4 Bc7
37.f3 Rh6 38.Kg2 Re6 39.h4 Nf7 40.Nh3 Nxe5 41.Nxf4 Nxf3 42.Bxf3 Bxf4 43.Bxd5
cxd5 44.Rf2 Re4 45.Rxf4 {#r} 1-0

[Event "Nakhchivan Open 2017"]
[Site "Nakhchivan AZE"]
[Date "2017.05.09"]
[Round "7.3"]
[White "Abasov,N"]
[Black "Khamrakulov,D"]
[Result "0-1"]
[WhiteElo "2575"]
[BlackElo "2476"]

1.e4 c6 2.d4 d5 3.e5 Bf5 4.h4 h6 5.g4 Be4 6.f3 Bh7 7.e6 Qd6 8.exf7+ Kxf7 9.f4
Nf6 10.Bh3 c5 11.Nf3 Nc6 12.O-O Nxd4 13.Nxd4 cxd4 14.Qxd4 Bxc2 15.Na3 Be4
16.Be3 Nxg4 17.Nb5 Qf6 18.Bf2 h5 19.Rac1 Rh6 20.Qd2 Kg8 21.Nc3 Rg6 22.Nxe4
Nxf2+ 23.Kxf2 dxe4 24.Qd5+ e6 25.Qxe4 Rd8 26.Kf3 Rd4 27.Bxe6+ Qxe6 28.Qxd4
Qg4+ 29.Ke3 Re6+ {#R} 0-1

[Event "11th Agzamov Mem 2017"]
[Site "Tashkent UZB"]
[Date "2017.05.09"]
[Round "8.3"]
[White "Korneev,O"]
[Black "Bortnyk,Olexandr"]
[Result "0-1"]
[WhiteElo "2580"]
[BlackElo "2567"]

1.e4 e6 2.d4 d5 3.Nd2 Nc6 4.Ngf3 Nf6 5.e5 Nd7 6.Nb3 Be7 7.Bb5 a5 8.a4 Na7
9.Be2 b6 10.O-O c5 11.Bf4 Bb7 12.Qd2 h6 13.c3 Qc8 14.dxc5 Nxc5 15.Nbd4 Ba6
16.Qe3 Bxe2 17.Nxe2 Nb3 18.Ra2 Qc4 19.Rd1 g5 20.Bg3 Rc8 21.Qd3 Nc6 22.Nc1 Nb4
23.Qxc4 Rxc4 24.cxb4 Nxc1 25.Ra1 Ne2+ 26.Kf1 Nxg3+ 27.hxg3 Rxb4 28.Rd2 Kd7
29.Ne1 Rc8 30.Nd3 Rd4 31.Ke2 Bb4 32.Nxb4 Rxb4 33.f3 h5 34.Ra3 Rc1 35.b3 Rb1
36.Rd3 Rb2+ 37.Kf1 g4 38.Kg1 d4 39.Rd1 Kc6 40.Rc1+ Kd5 41.Rc7 R4xb3 42.Rxb3
Rxb3 43.Rxf7 Kxe5 44.Kf2 Rb2+ 45.Ke1 d3 46.Rd7 d2+ 47.Ke2 d1=Q+ 48.Kxd1 Rxg2
49.fxg4 hxg4 {#R} 0-1

[Event "Lviv Rapid Cup 2017"]
[Site "Lviv UKR"]
[Date "2017.05.09"]
[Round "9.8"]
[White "Azarov,S"]
[Black "Borsos,B"]
[Result "1-0"]
[WhiteElo "2582"]
[BlackElo "2321"]

1.e4 e5 2.Nf3 Nc6 3.Bb5 a6 4.Ba4 d6 5.O-O Bd7 6.Re1 Nge7 7.Bb3 h6 8.d4 Ng6
9.Nc3 Be7 10.dxe5 dxe5 11.Nd5 Bg5 12.c3 Bxc1 13.Qxc1 Na5 14.Bc2 Bg4 15.Qe3 O-O
16.Nd2 Nc6 17.b4 Nce7 18.h3 Be6 19.c4 c6 20.Nb6 Rb8 21.Rad1 Qc7 22.c5 Nf4
23.Ndc4 Bxc4 24.Nxc4 Rbd8 25.Bb3 Ne6 26.Qg3 Ng6 27.Rd6 Nd4 28.Nxe5 Nxe5
29.Qxe5 Nxb3 30.axb3 Rfe8 31.Qd4 Rxd6 32.cxd6 Qd7 33.e5 Qe6 34.Qb6 Qd7 35.f4
f6 36.Qc5 fxe5 37.fxe5 Re6 38.Qc4 Kh8 39.Qf4 Qe8 40.Rf1 Kg8 41.Qf5 b6 42.Rd1
Qd7 43.Qxe6+ Qxe6 44.d7 Qxe5 45.d8=Q+ Kh7 46.Qd3+ Kh8 47.Qd8+ Kh7 48.Qxb6 Qe8
{#r} 1-0

[Event "Lviv Rapid Cup 2017"]
[Site "Lviv UKR"]
[Date "2017.05.09"]
[Round "11.4"]
[White "Azarov,S"]
[Black "Bogdanovich,S"]
[Result "0-1"]
[WhiteElo "2582"]
[BlackElo "2596"]

1.e4 c5 2.Nf3 Nc6 3.d4 cxd4 4.Nxd4 g6 5.Nc3 Bg7 6.Nb3 Nf6 7.Be2 O-O 8.f4 d5
9.exd5 Nb4 10.Bf3 e6 11.dxe6 Bxe6 12.a3 Bxb3 13.axb4 Re8+ 14.Ne2 Bd5 15.Ra3
Bxf3 16.Rxf3 Qb6 17.c3 Re7 18.Kf1 Rd8 19.Qc2 Rde8 {#R} 0-1

[Event "Lviv Rapid Cup 2017"]
[Site "Lviv UKR"]
[Date "2017.05.09"]
[Round "13.4"]
[White "Azarov,S"]
[Black "Bernadskiy,V"]
[Result "1-0"]
[WhiteElo "2582"]
[BlackElo "2529"]

1.e4 Nf6 2.e5 Nd5 3.d4 d6 4.c4 Nb6 5.exd6 cxd6 6.Nc3 g6 7.Be3 Bg7 8.Rc1 O-O
9.b3 Nc6 10.d5 Ne5 11.Be2 f5 12.f4 Ng4 13.Bd4 e5 14.dxe6 Bxe6 15.Bxg4 Bxd4
16.Qxd4 fxg4 17.Nge2 Qh4+ 18.Ng3 Qf6 19.Qxf6 Rxf6 20.O-O d5 21.c5 Nd7 22.Nb5
Raf8 23.Nd4 Bf7 24.b4 a6 25.Nge2 Re8 26.Nc3 Re3 27.g3 g5 28.fxg5 Rxf1+ 29.Kxf1
Rd3 30.Nce2 Ne5 31.a4 Be8 32.b5 axb5 33.axb5 Nf3 34.c6 bxc6 35.b6 Rd2 36.Rb1
Bg6 37.b7 Bxb1 38.b8=Q+ Kf7 39.Qxb1 Nxd4 40.Qxh7+ {#r} 1-0

[Event "6th Llucmajor Open 2017"]
[Site "Llucmajor ESP"]
[Date "2017.05.14"]
[Round "2.5"]
[White "Goganov,A"]
[Black "Ibanez Aullana,J"]
[Result "1-0"]
[WhiteElo "2592"]
[BlackElo "2245"]

1.d4 d6 2.Nf3 g6 3.c4 Bg7 4.g3 Nc6 5.d5 Nb8 6.Bg2 Nf6 7.O-O c6 8.Nc3 O-O 9.Be3
Re8 10.Qd2 e6 11.dxc6 Nxc6 12.Bh6 d5 13.Bxg7 Kxg7 14.cxd5 exd5 15.Rfd1 Qb6
16.Rac1 Bg4 17.h3 Bxf3 18.Bxf3 Ne4 19.Bxe4 dxe4 20.Nd5 Qd8 21.Qc3+ f6 22.Nb4
Qc7 23.Qxf6+ {#r} 1-0

[Event "11th Agzamov Mem 2017"]
[Site "Tashkent UZB"]
[Date "2017.05.09"]
[Round "8.8"]
[White "Kazhgaleyev,M"]
[Black "Urazayev,Arystanbek"]
[Result "1-0"]
[WhiteElo "2593"]
[BlackElo "2342"]

1.e4 e5 2.Nf3 Nc6 3.Bb5 a6 4.Ba4 Nf6 5.O-O Be7 6.Re1 b5 7.Bb3 d6 8.c3 O-O 9.h3
Na5 10.Bc2 d5 11.d4 dxe4 12.Nxe5 c5 13.Nd2 cxd4 14.Nxe4 dxc3 15.Qf3 Bb7 16.b4
Bxe4 17.Bxe4 Bxb4 18.Bg5 c2 19.Ng4 Nxe4 20.Bxd8 Bxe1 21.Bxa5 Bxa5 22.Qxe4 Rac8
23.Rc1 {#r} 1-0

[Event "Lviv Rapid Cup 2017"]
[Site "Lviv UKR"]
[Date "2017.05.09"]
[Round "9.2"]
[White "Bogdanovich,S"]
[Black "Kuzubov,Y"]
[Result "0-1"]
[WhiteElo "2596"]
[BlackElo "2637"]

1.d4 Nf6 2.Nf3 d5 3.e3 c5 4.Nbd2 cxd4 5.exd4 Nc6 6.Nb3 Bf5 7.Bd3 Bxd3 8.Qxd3
e6 9.Bf4 Bd6 10.Bxd6 Qxd6 11.O-O O-O 12.c3 Rab8 13.a4 Qc7 14.Rfe1 h6 15.Ne5
Nd7 16.Nxd7 Qxd7 17.Re3 Ne7 18.Nc5 Qc6 19.Qb5 Rfd8 20.Rae1 Qxb5 21.axb5 Nf5
22.R3e2 Nd6 23.b6 axb6 24.Nd3 Ra8 25.g4 Nc4 26.Kg2 Ra2 27.h4 Rda8 28.f3 Ra1
29.Kg3 Rxe1 30.Rxe1 g5 31.f4 gxf4+ 32.Kxf4 Kg7 33.Rd1 b5 34.Rh1 b6 35.Rg1 Ra7
36.Re1 Nd2 37.Re2 Ne4 38.Ne5 f6 39.Nf3 Ra1 40.g5 Rf1 41.gxf6+ Kxf6 42.Rg2 Nd6
43.h5 Nf5 44.Rh2 b4 45.Kg4 bxc3 46.bxc3 Ne3+ 47.Kf4 Nf5 48.Kg4 Rc1 49.Ne5 Rxc3
50.Kf4 Rc1 51.Ng4+ Ke7 52.Rb2 Rf1+ 53.Nf2 Nxd4 54.Kg3 Nf5+ 55.Kg2 Ne3+ 56.Kg3
Nd1 57.Nxd1 Rxd1 58.Rxb6 Kf6 59.Rb8 Rg1+ 60.Kh4 d4 61.Rf8+ Ke5 62.Rd8 Ke4
63.Rd6 Ke5 64.Rd8 Rd1 65.Kg3 Ke4 66.Rd6 e5 67.Rxh6 d3 68.Kf2 Rd2+ 69.Kg3 Rd1
70.Kg2 d2 71.Rd6 Ke3 72.h6 Ra1 73.h7 Ra8 74.Kg3 Rh8 75.Kg4 Rxh7 76.Kf5 Ke2
77.Kxe5 d1=Q {#R} 0-1

[Event "Lviv Rapid Cup 2017"]
[Site "Lviv UKR"]
[Date "2017.05.09"]
[Round "10.5"]
[White "Bogdanovich,S"]
[Black "Shkuran,D"]
[Result "1-0"]
[WhiteElo "2596"]
[BlackElo "2442"]

1.d4 d5 2.c4 c6 3.Nf3 Nf6 4.Nc3 dxc4 5.a4 e6 6.g3 c5 7.Bg5 Nc6 8.dxc5 Qa5
9.Bxf6 gxf6 10.Bg2 Bxc5 11.O-O O-O 12.Qd2 Be7 13.Qh6 Ne5 14.Qh4 Rb8 15.Rad1
Ng6 16.Qxc4 Qb6 17.h4 Qb4 18.Qa2 Ne5 19.e3 Nxf3+ 20.Bxf3 b6 21.Rd4 Qc5 22.Rfd1
Bb7 23.Bxb7 Rxb7 24.Qb3 f5 25.Rd7 Rfb8 26.Ne2 Qc6 27.R7d2 Bf6 28.Nd4 Bxd4
29.Rxd4 Rc7 30.Qb4 Qc5 31.Rd8+ Rxd8 32.Rxd8+ Kg7 33.Qf4 h6 34.Kh2 a6 35.b4 Qc2
36.Qd4+ f6 37.e4 fxe4 38.Qxb6 h5 39.b5 axb5 40.axb5 Rc5 {#r} 1-0

[Event "Lviv Rapid Cup 2017"]
[Site "Lviv UKR"]
[Date "2017.05.09"]
[Round "13.5"]
[White "Bogdanovich,S"]
[Black "Kovalev,De"]
[Result "1-0"]
[WhiteElo "2596"]
[BlackElo "2490"]

1.e4 e6 2.f4 d5 3.e5 c5 4.Nf3 Nc6 5.c3 Nh6 6.Bd3 c4 7.Bc2 Bc5 8.d4 cxd3 9.Qxd3
Ng4 10.Qe2 Qb6 11.b4 Bf2+ 12.Kf1 Be3 13.Na3 Bd7 14.Nb5 O-O 15.h3 Nxb4 16.Bxh7+
Kxh7 17.hxg4+ Kg8 18.Bxe3 {#r} 1-0

[Event "Lviv Rapid Cup 2017"]
[Site "Lviv UKR"]
[Date "2017.05.09"]
[Round "13.6"]
[White "Fedorov,Alex"]
[Black "Sivuk,V"]
[Result "0-1"]
[WhiteElo "2598"]
[BlackElo "2520"]

1.e4 Nf6 2.d3 e5 3.Nf3 Nc6 4.g3 d5 5.exd5 Nxd5 6.Bg2 Be7 7.O-O O-O 8.Re1 Bg4
9.h3 Bh5 10.g4 Bg6 11.Nxe5 Nxe5 12.Rxe5 c6 13.Re1 f5 14.Nc3 Nxc3 15.bxc3 Bd6
16.g5 f4 17.Qg4 Bf5 18.Qh4 Qa5 19.Rb1 Rf7 20.Bxf4 Bxf4 21.Qxf4 Qxc3 22.Qc1
Raf8 23.Rb3 Qa5 24.Re2 Bc8 25.Qd2 Qxa2 26.Qc3 Qa4 27.Be4 g6 28.h4 Bg4 29.Re3
Be6 30.Rb4 Qa2 31.f3 a5 32.Rd4 Qb1+ 33.Kg2 Qb6 34.Bxg6 Bh3+ 35.Kxh3 hxg6
36.Kg2 Qc7 37.Re6 Kh7 38.Rdd6 Rxf3 39.Qd4 Qf7 40.Rf6 Rxf6 41.gxf6 Qa2 42.Rd7+
Rf7 43.Rxf7+ Qxf7 44.Qe5 Qd5+ 45.Qxd5 cxd5 46.c4 dxc4 47.d4 Kg8 48.d5 Kf7 {#R}
0-1

[Event "Lviv Rapid Cup 2017"]
[Site "Lviv UKR"]
[Date "2017.05.09"]
[Round "9.9"]
[White "Vovk,Y"]
[Black "Fingerov,D"]
[Result "1-0"]
[WhiteElo "2600"]
[BlackElo "2313"]

1.d4 d5 2.c4 c6 3.Nf3 Nf6 4.Nc3 dxc4 5.a4 e6 6.e3 c5 7.Bxc4 Be7 8.O-O O-O
9.Qe2 Nc6 10.Rd1 a6 11.dxc5 Qc7 12.b3 Na5 13.b4 Nxc4 14.Qxc4 a5 15.Nb5 Qc6
16.Ba3 axb4 17.Bxb4 Nd5 18.Ne5 Qe8 19.e4 Bf6 20.exd5 Bxe5 21.Ra3 exd5 22.Qxd5
Bg4 23.Re1 Rxa4 24.Rxa4 Qxb5 25.Ra7 Qxb4 26.Qxe5 f6 27.Qe7 Bc8 28.c6 Qb6
29.cxb7 Qxa7 30.Qxf8+ {#r} 1-0

[Event "Lviv Rapid Cup 2017"]
[Site "Lviv UKR"]
[Date "2017.05.09"]
[Round "11.12"]
[White "Vovk,Y"]
[Black "Vypkhanyuk,I"]
[Result "1-0"]
[WhiteElo "2600"]
[BlackElo "2302"]

1.d4 d6 2.Nf3 Nf6 3.c4 g6 4.g3 Bg7 5.Bg2 O-O 6.Nc3 Nbd7 7.O-O e5 8.e4 a6 9.Qc2
exd4 10.Nxd4 Re8 11.Rd1 Ne5 12.b3 c5 13.Nde2 Bg4 14.Rb1 Qe7 15.Bg5 h6 16.Nd5
Qd8 17.Bxf6 Bxf6 18.Re1 Bxe2 19.Qxe2 Nc6 20.f4 Rb8 21.Rbd1 Nd4 22.Qd3 Bg7
23.Rf1 b5 24.Kh1 b4 25.Rf2 a5 26.Rdf1 f5 27.g4 Qh4 28.gxf5 gxf5 29.exf5 Rf8
30.Be4 Bf6 31.Rg2+ Kh8 32.Rg6 Rf7 33.Rfg1 Kh7 34.R1g3 Rbf8 35.Kg2 Kh8 36.Rh3
Qe1 37.Rhxh6+ Rh7 38.Rxh7+ Kxh7 39.Nxf6+ Rxf6 40.Qh3+ Qh4 41.Qxh4# 1-0

[Event "Lviv Rapid Cup 2017"]
[Site "Lviv UKR"]
[Date "2017.05.09"]
[Round "12.9"]
[White "Vovk,Y"]
[Black "Mischuk,D"]
[Result "1-0"]
[WhiteElo "2600"]
[BlackElo "2344"]

1.d4 Nf6 2.c4 b6 3.Nc3 Bb7 4.Bg5 e6 5.Nf3 h6 6.Bh4 Bb4 7.Nd2 Nc6 8.e3 Bxc3
9.bxc3 Ne7 10.f3 Ng6 11.Bf2 O-O 12.Bd3 c5 13.O-O d6 14.Qc2 Qe8 15.a4 e5 16.a5
Bc6 17.Rfb1 Rb8 18.axb6 axb6 19.d5 Bd7 20.Ra6 Qd8 21.Bxg6 fxg6 22.Qxg6 e4
23.Nxe4 Nxe4 24.fxe4 Rf6 25.Qg3 Qe7 26.e5 dxe5 27.e4 Qf7 28.Be3 Rf8 29.Raa1
Rg6 30.Qf2 Qe7 31.Qe2 Qh4 32.Bf2 Qg5 33.Bg3 h5 34.Rf1 Rxf1+ 35.Rxf1 h4 36.Be1
Bg4 37.Qd3 Qh5 38.Rf2 h3 39.g3 Bd7 40.Qb1 Rf6 41.Qd3 Rxf2 42.Kxf2 Qf7+ 43.Ke2
Qg6 44.Bf2 Qe8 45.Qf3 Qa8 46.Qh5 Qa2+ 47.Ke3 Qxc4 48.Qxe5 Bg4 49.Kf4 Qe2
50.Kg5 Bd7 51.Qf4 Be8 52.g4 Qb5 53.Kh4 Qd7 54.Kxh3 Bg6 55.c4 Qa4 56.e5 b5
57.d6 Qb3+ 58.Kh4 Bf7 59.d7 Qd3 60.Bd4 Qh7+ 61.Kg3 Qd3+ 62.Qe3 {#r} 1-0

[Event "Lviv Rapid Cup 2017"]
[Site "Lviv UKR"]
[Date "2017.05.09"]
[Round "11.6"]
[White "Zubov,A UKR"]
[Black "Golichenko,I"]
[Result "1-0"]
[WhiteElo "2604"]
[BlackElo "2413"]

1.d4 Nf6 2.c4 e6 3.Nf3 d5 4.e3 c6 5.b3 Nbd7 6.Bd3 Bd6 7.Bb2 O-O 8.O-O Ne4
9.Qc2 f5 10.Ba3 Ndf6 11.Bxd6 Nxd6 12.Nc3 Bd7 13.Ne2 Nfe4 14.Ne5 Nf7 15.f3 Ned6
16.c5 Nxe5 17.dxe5 Nf7 18.f4 b6 19.Nd4 Qe7 20.Rfc1 Rfb8 21.b4 a5 22.bxa5 Rxa5
23.Nb3 Ra3 24.cxb6 Rxb6 25.Nc5 Bc8 26.Qd2 Qa7 27.Rc2 Nd8 28.Rac1 Nb7 29.Nxb7
Bxb7 30.h3 Qa5 31.Qe2 Rb4 32.Kh2 Rba4 33.Rb1 Rb4 34.Rcb2 Rxb2 35.Qxb2 Bc8
36.Qb8 Qd8 37.Rb7 Qf8 38.Ra7 Rxa7 39.Qxa7 c5 40.Bb5 c4 41.Qc7 h6 42.a4 Kh7
43.a5 Qb4 44.Be8 Ba6 45.Qf7 c3 46.Qxe6 Qf8 47.Bg6+ Kh8 48.Qxa6 {#r} 1-0

[Event "Lviv Rapid Cup 2017"]
[Site "Lviv UKR"]
[Date "2017.05.09"]
[Round "9.3"]
[White "Onischuk,V"]
[Black "Mirzoev,E"]
[Result "1-0"]
[WhiteElo "2608"]
[BlackElo "2443"]

1.e4 Nf6 2.d3 d5 3.Nd2 c5 4.g3 Nc6 5.Bg2 e6 6.Ngf3 g6 7.O-O Bg7 8.Re1 O-O
9.Qe2 a5 10.Nf1 b5 11.e5 Nd7 12.Bf4 b4 13.h4 Ba6 14.h5 c4 15.h6 Bh8 16.N1h2 a4
17.dxc4 Bxc4 18.Qd2 b3 19.axb3 axb3 20.Rxa8 Qxa8 21.c3 Nc5 22.Ng4 Ne4 23.Qc1
Na5 24.Ng5 Bd3 25.Qe3 Bc2 26.Nxe4 dxe4 27.Bxe4 Bxe4 28.Qxe4 Qxe4 29.Rxe4 Rc8
30.Rb4 Kf8 31.Rb5 Ra8 32.Bg5 Nc4 33.Bf6 Bxf6 34.Nxf6 Nxb2 35.Nxh7+ Ke7 36.Rb7+
Kd8 37.Nf6 Kc8 38.Rxf7 {#r} 1-0

[Event "Lviv Rapid Cup 2017"]
[Site "Lviv UKR"]
[Date "2017.05.09"]
[Round "11.2"]
[White "Onischuk,V"]
[Black "Kravtsiv,M"]
[Result "1-0"]
[WhiteElo "2608"]
[BlackElo "2653"]

1.e4 e5 2.Nf3 Nc6 3.Bb5 a6 4.Ba4 Nf6 5.O-O Be7 6.d3 b5 7.Bb3 d6 8.a3 O-O 9.Nc3
Na5 10.Ba2 Be6 11.Bb1 Nc6 12.Ng5 Bg4 13.f3 Bd7 14.f4 Bg4 15.Nf3 Nd4 16.Kh1
exf4 17.Bxf4 d5 18.Ba2 dxe4 19.dxe4 c5 20.Be3 Nxf3 21.gxf3 Be6 22.e5 Nh5 23.f4
Qxd1 24.Raxd1 Rad8 25.Nd5 Bxd5+ 26.Bxd5 g6 27.f5 gxf5 28.Bh6 f4 29.Bf3 Ng7
30.Rg1 {#r} 1-0

[Event "Lviv Rapid Cup 2017"]
[Site "Lviv UKR"]
[Date "2017.05.09"]
[Round "12.2"]
[White "Onischuk,V"]
[Black "Bogdanovich,S"]
[Result "1-0"]
[WhiteElo "2608"]
[BlackElo "2596"]

1.e4 c6 2.d4 d5 3.e5 Bf5 4.h4 h6 5.g4 Bd7 6.f4 e6 7.h5 c5 8.c3 Qb6 9.Nf3 Bb5
10.Bh3 Nc6 11.a3 Rc8 12.Be3 Ba6 13.b4 cxb4 14.axb4 Be7 15.Kf2 Bd8 16.Na3 Bb5
17.Nxb5 Qxb5 18.Bf1 Qb6 19.Bd3 Nge7 20.f5 Kd7 21.Qa4 f6 22.Rhe1 Bc7 23.exf6
gxf6 24.fxe6+ Kxe6 25.b5 Nd8 26.Qxa7 Kf7 27.Qxb6 Bxb6 28.Rac1 Ne6 29.c4 Ba5
30.Re2 dxc4 31.Bxc4 Rxc4 32.Rxc4 Rg8 33.Bxh6 Rxg4 34.Rxe6 Kxe6 35.d5+ Kf5
36.Nh4+ Rxh4 37.Rxh4 Nxd5 38.Bc1 Ne7 39.Ba3 Kg5 40.Bxe7 Kxh4 41.h6 {#r} 1-0

[Event "Nakhchivan Open 2017"]
[Site "Nakhchivan AZE"]
[Date "2017.05.10"]
[Round "8.4"]
[White "Volkov,Sergey1"]
[Black "Abdulov,Or"]
[Result "1-0"]
[WhiteElo "2617"]
[BlackElo "2388"]

1.d4 Nf6 2.c4 g6 3.Nc3 Bg7 4.e4 d6 5.Be2 O-O 6.Nf3 e5 7.Be3 c6 8.d5 Ng4 9.Bg5
f6 10.Bh4 h5 11.Nd2 c5 12.a3 Nh6 13.f3 Bd7 14.Bd3 Qe8 15.Nb5 Bxb5 16.cxb5 Nd7
17.Nc4 Qe7 18.Qc2 Nb6 19.Ne3 Rae8 20.h3 Nf7 21.a4 Bh6 22.Bf2 f5 23.a5 f4
24.Nf1 Nd7 25.h4 Kg7 26.Nd2 Rh8 27.Nc4 Rc8 28.O-O-O Qf6 29.Kb1 Kf8 30.Rc1 Ke7
31.Qa4 Rhd8 32.Rc3 Bf8 33.Rhc1 Ke8 34.b6 a6 35.Nd2 Be7 36.b4 Kf8 37.Nb3 g5
38.hxg5 Qxg5 39.Bf1 h4 40.Qa2 Qg6 41.Qd2 Qh5 42.Qe1 Kg7 43.Be2 Rg8 44.Qh1 Rcd8
45.Qh2 Kf8 46.Rh1 Qg6 47.Bf1 Ng5 48.Kb2 h3 49.bxc5 Nxc5 50.Bxc5 dxc5 51.gxh3
c4 52.Bxc4 Bb4 53.Qc2 Bxc3+ 54.Qxc3 Nxe4 55.fxe4 Qg2+ 56.Ka3 Qxh1 57.Qxe5 Rg6
58.Qxf4+ Kg8 59.Qc7 Rf8 60.d6+ Kh8 61.d7 Qd1 62.Bd5 Rgg8 63.Qe5+ Rg7 64.Qd6
Rxd7 65.Qxf8+ Kh7 66.Qf5+ Kh8 67.Qf6+ Kh7 68.Qh4+ Kg6 69.Qg4+ {#r} 1-0

[Event "6th Llucmajor Open 2017"]
[Site "Llucmajor ESP"]
[Date "2017.05.14"]
[Round "2.3"]
[White "Hera,I"]
[Black "Giemsa,S"]
[Result "1-0"]
[WhiteElo "2618"]
[BlackElo "2263"]

1.e4 e6 2.d3 c5 3.g3 b6 4.Bg2 Bb7 5.Nf3 d6 6.O-O Nf6 7.Ng5 h6 8.Nh3 e5 9.f4
Be7 10.Na3 Nc6 11.Nc4 Qd7 12.c3 Bd8 13.Nf2 Bc7 14.Bh3 Qd8 15.Ng4 Nxg4 16.Qxg4
g6 17.Qf3 Qf6 18.Ne3 h5 19.Nd5 Qd8 20.f5 {#r} 1-0

[Event "TCh-BLR 2017"]
[Site "Minsk BLR"]
[Date "2017.05.13"]
[Round "6.1"]
[White "Kovalev,Vl"]
[Black "Kovalevsky,Stanislav"]
[Result "1-0"]
[WhiteElo "2629"]
[BlackElo "2139"]

1.d4 e6 2.e4 d5 3.Nd2 dxe4 4.Nxe4 Nf6 5.Nxf6+ gxf6 6.Be3 f5 7.g3 Qd5 8.Nf3 Bd7
9.Bg2 Bc6 10.O-O Nd7 11.b3 Qa5 12.c4 O-O-O 13.Ng5 Bxg2 14.Kxg2 f4 15.Bxf4 Qf5
16.Qb1 Qf6 17.Qe4 Bd6 18.Be3 h6 19.Nf3 Rdg8 20.c5 Be7 21.c6 Nb6 22.cxb7+ Kb8
23.Ne5 Bd6 24.Bf4 Qh4 25.Nc6+ Kxb7 26.Na5+ Ka6 27.Qb7+ Kxa5 28.Bd2+ Bb4
29.Qxa7+ Kb5 30.a4+ Kc6 31.Rac1+ Kd5 {#r} 1-0

[Event "German Club Cup Final"]
[Site "Dresden GER"]
[Date "2017.05.14"]
[Round "2.1"]
[White "Meier,Geo"]
[Black "Braun,A"]
[Result "1-0"]
[WhiteElo "2630"]
[BlackElo "2581"]

1.e4 c5 2.Nf3 e6 3.d4 cxd4 4.Nxd4 Nc6 5.Nc3 Qc7 6.g3 a6 7.Bg2 d6 8.O-O Bd7
9.Nxc6 Bxc6 10.a4 Be7 11.a5 Nf6 12.Be3 h5 13.h3 Kf8 14.Qd2 g6 15.Bb6 Qc8 16.f4
Kg7 17.Rf2 Nd7 18.Bd4+ e5 19.Be3 h4 20.g4 exf4 21.Bd4+ Ne5 22.Qxf4 f6 23.Raf1
Qc7 24.b4 Raf8 25.Qd2 Nc4 26.Qc1 Ne5 27.Qa1 Rc8 28.Kh1 Rhf8 29.Qe1 Qd7 30.Qd2
Rce8 31.Qd1 Bd8 32.Qa1 Qc8 33.Rf4 Qb8 34.Nd5 Bxd5 35.exd5 b6 36.Rb1 bxa5
37.bxa5 Qa8 38.Qa4 Bc7 39.Rb3 Re7 40.Rf1 Rb8 41.g5 Rf8 42.gxf6+ Rxf6 43.Bxe5
{#r} 1-0

[Event "6th Llucmajor Open 2017"]
[Site "Llucmajor ESP"]
[Date "2017.05.14"]
[Round "2.1"]
[White "Romanov,E"]
[Black "Serarols Mabras,Bernat"]
[Result "1-0"]
[WhiteElo "2636"]
[BlackElo "2287"]

1.c4 e5 2.g3 c6 3.Nf3 e4 4.Nd4 Nf6 5.Nc3 d5 6.cxd5 cxd5 7.d3 Bc5 8.Nb3 Bb6
9.dxe4 dxe4 10.Qxd8+ Kxd8 11.Bg5 Re8 12.O-O-O+ Nd7 13.Nd5 Re6 14.Bxf6+ gxf6
15.Bh3 Rc6+ 16.Kb1 Ke8 17.Bf5 Nc5 18.Bxc8 Rcxc8 19.Nxc5 Rxc5 20.Nxf6+ Ke7
21.Nxe4 Re5 22.f3 f5 23.Nc3 Ba5 24.Nd5+ {#r} 1-0

[Event "Lviv Rapid Cup 2017"]
[Site "Lviv UKR"]
[Date "2017.05.09"]
[Round "9.11"]
[White "Oleksiyenko,Mykhaylo"]
[Black "Borisenko,V"]
[Result "1-0"]
[WhiteElo "2636"]
[BlackElo "2288"]

1.e4 g6 2.d4 Bg7 3.Nc3 d5 4.exd5 Nf6 5.Bc4 O-O 6.Nge2 Nbd7 7.Nf4 Nb6 8.Bb3 Bf5
9.O-O Kh8 10.h3 h6 11.Re1 a6 12.a4 g5 13.a5 Nc8 14.Nh5 Nxh5 15.Qxh5 Bg6 16.Qd1
Nd6 17.Ne2 c6 18.dxc6 bxc6 19.c3 Nb7 20.Bc2 Nxa5 21.Ng3 Nb7 22.Nh5 c5 23.Nxg7
Kxg7 24.Bxg6 fxg6 25.Be3 cxd4 26.Bxd4+ Kh7 27.Qe2 Rf7 28.Rxa6 Rxa6 29.Qxa6 Nd6
30.b4 Nf5 31.Qe6 Rf8 32.Bc5 Rf6 33.Qe4 Rf7 34.b5 Qd2 35.b6 Qxc3 36.b7 Qb2
37.Qe6 Rf6 38.Qc8 Nd4 {#r} 1-0

[Event "Lviv Rapid Cup 2017"]
[Site "Lviv UKR"]
[Date "2017.05.09"]
[Round "11.5"]
[White "Oleksiyenko,Mykhaylo"]
[Black "Bortnik,N"]
[Result "1-0"]
[WhiteElo "2636"]
[BlackElo "2417"]

1.d4 d5 2.c4 dxc4 3.Nf3 Nf6 4.e3 a6 5.Bxc4 e6 6.O-O Be7 7.Qe2 b5 8.Bb3 Bb7
9.Rd1 Nbd7 10.Nc3 O-O 11.e4 b4 12.e5 bxc3 13.exf6 Nxf6 14.bxc3 Nd5 15.Bd2 a5
16.Ne5 Bd6 17.c4 Nf6 18.Ba4 Qc8 19.c5 Bxe5 20.dxe5 Nd5 21.Qg4 f5 22.exf6 Rxf6
23.c6 Ba6 24.Re1 Bd3 25.Qd4 Bg6 26.Bb3 Bf7 27.Bc2 Bg6 28.Bb3 Bf7 29.Rac1 Qf8
30.f3 Qd6 31.Qc5 Qxc5+ 32.Rxc5 a4 33.Bc4 Nb6 34.Bf1 Rf5 35.Ree5 Rxe5 36.Rxe5
Nd5 37.Re4 a3 38.Bc4 Rb8 39.Bb3 Rb6 40.Ra4 Be8 41.Rxa3 Bxc6 42.Ra7 h6 43.Ba5
Rb7 44.Rxb7 Bxb7 45.Kf2 Kf7 46.Bd2 Ba6 47.Be3 Ke7 48.Bc5+ Kf6 49.a4 Nf4 50.Be3
Nd3+ 51.Kg3 e5 52.Bc2 g5 53.Bd2 c5 54.h4 Nf4 55.hxg5+ hxg5 56.Kf2 c4 57.Be4
Ne6 58.a5 Nd4 59.Ke3 Ke6 60.Bb4 Bb5 61.Kd2 Ba6 62.Kc3 Ne2+ 63.Kd2 Nd4 64.Kc3
Ne2+ 65.Kb2 Nd4 66.Bd2 Kf6 67.Kc3 Nb3 68.Kc2 Ke6 69.Bc3 Nd4+ 70.Kb2 Bc8 71.Ka3
Kd6 72.Kb4 Ba6 73.Bd2 Ne6 74.g3 Ke7 75.Bd5 Kd6 76.Bxc4 Bb7 77.Kb5 Nd4+ 78.Kb6
Bxf3 79.Bxg5 Nf5 80.a6 Nxg3 81.a7 Ba8 82.Ba6 Ne4 83.Bb7 Nxg5 84.Bxa8 Ne6
85.Bc6 Nc7 86.Kb7 e4 87.Bxe4 Kd7 88.Bf5+ Kd6 89.Bh3 Na8 90.Kxa8 Kc7 91.Bg4
{#r} 1-0

[Event "Lviv Rapid Cup 2017"]
[Site "Lviv UKR"]
[Date "2017.05.09"]
[Round "13.3"]
[White "Oleksiyenko,Mykhaylo"]
[Black "Zubov,A UKR"]
[Result "0-1"]
[WhiteElo "2636"]
[BlackElo "2604"]

1.e4 Nc6 2.Nf3 d6 3.d4 Nf6 4.Nc3 g6 5.Bb5 a6 6.Bxc6+ bxc6 7.O-O Bg7 8.h3 O-O
9.Be3 Rb8 10.b3 Nd7 11.Ne2 c5 12.c4 Bb7 13.Nc3 cxd4 14.Nxd4 c5 15.Nde2 f5
16.exf5 gxf5 17.Qd2 Qe8 18.f3 Qf7 19.Bh6 Bxh6 20.Qxh6 Kh8 21.Rad1 f4 22.Nd5
Bxd5 23.Rxd5 Ne5 24.Kh2 Qf5 25.Qh4 Rf7 26.Rf2 a5 27.Nc3 Rg7 28.Ne4 a4 29.bxa4
Rbg8 30.Kh1 Qf7 31.Rxe5 dxe5 32.Rc2 Qe8 33.Nxc5 Qc6 34.Ne4 Qxa4 35.Rd2 Qxc4
36.Qe1 h6 37.Kh2 Rg6 38.Qa1 Kh7 39.Qxe5 Qf1 40.Qb2 Rc6 41.Rf2 Qc4 42.Qe5 Qf7
43.a4 Ra6 44.Nc3 Qg7 45.Qf5+ Kh8 46.Ne4 e5 47.Nc5 Rg6 48.Qc2 Rc6 {#R} 0-1

[Event "German Club Cup Final"]
[Site "Dresden GER"]
[Date "2017.05.13"]
[Round "1.2"]
[White "Gustafsson,J"]
[Black "Gungl,T"]
[Result "1-0"]
[WhiteElo "2637"]
[BlackElo "2239"]

1.d4 d5 2.c4 c6 3.Nf3 Nf6 4.Qc2 e6 5.Bg5 Be7 6.e3 Nbd7 7.Nc3 O-O 8.Rd1 h6
9.Bh4 b6 10.Bd3 Bb7 11.O-O Rc8 12.Qe2 c5 13.Ne5 cxd4 14.exd4 dxc4 15.Bxc4 Nd5
16.Bxd5 Bxd5 17.Bxe7 Qxe7 18.Ng6 fxg6 19.Nxd5 Qd6 20.Nc3 Nf6 21.Rfe1 Rfe8
22.h4 Qf4 23.g3 Qf5 24.Qf1 Red8 25.Rd3 Qg4 26.Kg2 g5 27.hxg5 Qxg5 28.Re5 Qg6
29.Rxe6 Qg4 30.Re7 Nh5 31.Re4 Qg6 32.Qe2 Rf8 33.Nd5 Rce8 34.Rxe8 Rxe8 35.Re3
Rxe3 36.Qxe3 Qf7 37.Qf3 Nf6 38.Nc3 Qd7 39.d5 b5 40.b4 a6 41.a3 Qd6 42.Qe3 Kf7
43.Qa7+ Kf8 44.Qc5 Ke7 45.f4 Nd7 46.Qd4 Nf6 47.Kf3 Qd7 48.Qe5+ Kf7 49.f5 {#r}
1-0

[Event "Lviv Rapid Cup 2017"]
[Site "Lviv UKR"]
[Date "2017.05.09"]
[Round "10.1"]
[White "Kuzubov,Y"]
[Black "Zubov,A UKR"]
[Result "1-0"]
[WhiteElo "2637"]
[BlackElo "2604"]

1.d4 Nf6 2.c4 g6 3.Nc3 d5 4.cxd5 Nxd5 5.Bd2 Nb6 6.e3 Bg7 7.Nf3 O-O 8.Be2 Nc6
9.O-O e5 10.Nxe5 Nxe5 11.dxe5 Bxe5 12.Qc2 Bf5 13.e4 Be6 14.Rad1 c6 15.f4 Bg7
16.f5 Bc4 17.Bf4 Qc8 18.Bd6 Re8 19.f6 Bh6 20.e5 Bxe2 21.Qxe2 Qe6 22.Ne4 Nd7
23.Be7 Rxe7 24.fxe7 {#r} 1-0